Indefinite Definitions II Quiz Stats

 Plays Quiz Updated Jul 25, 2014

Support Sporcle.
Go Orange.
Score 0/35 Timer 07:00
1 Play Today
% Correct
A limbless scaled reptile
98.5%
To draw the tongue over
94.5%
A playing card ranked below the Queen
91.7%
A wound made by teeth
91.4%
To follow a twisting path
89.8%
To break a fragment from
89.8%
A device used for lifting something heavy
88.6%
A permanent military installation
88.6%
A worthless or treacherous fellow
87.5%
A simple series of words or numerals
87.1%
A piece of chocolate used in baking
86.5%
The amount of food eaten at a time
85.5%
To become entered in a catalog with a selling price
84.8%
To move silently, secretly, or sinuously
83.9%
A chemical compound that neutralizes acid
83.6%
A tool used to clear out blocked pipes
81.9%
To take a bait
81.2%
The lower part of an architectural design
80.6%
% Correct
A male donkey
76.9%
The starting place or goal in various games
76%
A natural salt deposit
75.1%
To tilt to one side
71%
To lightly touch or flicker over
68.9%
To get the better of
68.6%
A small 6-pointed metal object used in a game
66.8%
To kick shortly, lifting a ball high
64.4%
A small thin slice of food
62.7%
A piece of dried dung
61.2%
Having low quality and value
55.8%
Servant, laborer
51.1%
To cause irritation or smarting
49.4%
To be extremely bad in quality (slang); Stink
44.9%
To strike repeatedly
41.3%
Hear
39.4%
An arena for combat
26.6%

You're not logged in!

Compare scores with friends on all Sporcle quizzes.
OR
Log In

From the Vault

Restoring Order II

by betraisefold

An especially great quiz for those of you who love to organize.
Remove Ads.
Support Sporcle.
Get the best of Sporcle when you Go Orange. This ad-free experience offers more features, more stats, and more fun while also helping to support Sporcle. Thank you for becoming a member.

Show Comments

Extras

Top Quizzes Today


Score Distribution

Your Account Isn't Verified!

In order to create a playlist on Sporcle, you need to verify the email address you used during registration. Go to your Sporcle Settings to finish the process.

Report this User

Report this user for behavior that violates our Community Guidelines.

Details: